000 00441pab a2200181 454500
008 180718b1998 xxu||||| |||| 00| 0 eng d
100 _aAhmad, S. Sami
245 _aIn support of caste-based census
260 _c1998
300 _ap.24-26
362 _a17 Oct
650 _aCaste - India
650 _aCensus - India
650 _aPopulation census - India
650 _aPopulation census
773 _aMainstream
909 _a39012
999 _c39012
_d39012